| 000 | 00632nam a2200229Ia 4500 | ||
|---|---|---|---|
| 003 | OSt | ||
| 005 | 20220928120738.0 | ||
| 006 | a|||||r|||| 00| 0 | ||
| 007 | ta | ||
| 008 | 220927b |||||||| |||| 00| 0 eng d | ||
| 024 | _a49733 | ||
| 037 | _cTextual | ||
| 040 |
_aSDCL _cSDCL _beng |
||
| 041 |
_2eng _aeng |
||
| 082 | _aV73'N7<-N6, L0 | ||
| 100 |
_aMorgenthau Hans J _9450876 |
||
| 245 | 0 |
_aTruth and power _b Essays of a decade 1960-70 |
|
| 260 |
_aLondon _bPall Mall Press _c1970 |
||
| 300 |
_axii,449p _ccm. |
||
| 942 |
_hV73'N7<-N6, L0 _cTEXL _2CC |
||
| 999 |
_c765019 _d765019 |
||